Normal view
MARC view
Entry Topical Term
001 - CONTROL NUMBER
- control field: 27428
003 - CONTROL NUMBER IDENTIFIER
- control field: ARRUPE
005 - DATE AND TIME OF LATEST TRANSACTION
- control field: 20161110150936.0
008 - FIXED-LENGTH DATA ELEMENTS
- fixed length control field: 161110|| aca||aabn | a|a d
040 ## - CATALOGING SOURCE
- Original cataloging agency: ARRUPE
- Transcribing agency: ARRUPE
150 ## - HEADING--TOPICAL TERM
- Topical term or geographic name as entry element: Psychology,physiological
670 ## - SOURCE DATA FOUND
- Source citation: Work cat.: (ARRUPE): Roe,Anne ed. 27427, Behaviour and evolution , 1958